| 000 | 01136cam a2200325 a 4500 | ||
|---|---|---|---|
| 001 | 2142069 | ||
| 003 | OSt | ||
| 005 | 20170822175036.0 | ||
| 008 | 980423s1998 mnu 001 0 eng | ||
| 010 | _a 98020189 | ||
| 020 | _a0314211233 (hardcover : alk. paper) | ||
| 040 |
_aDLC _cBSU _dDLC _bEnglish |
||
| 043 | _an-us--- | ||
| 050 | 0 | 0 |
_aKF504 _b.K7 1998 |
| 082 | 0 | 0 |
_a346.015 KRA _221 |
| 100 |
_aHarry,Krause D. _917910 |
||
| 245 | 0 | 0 |
_aFamily law : _b in anutshell _cby Harry D. Krause ... [et al.]. |
| 250 | _a4th ed. | ||
| 260 |
_aSt. Paul, Minn. : _bThomson, _c2003 |
||
| 300 |
_axxxvii, 330p.. ; _c19 cm. |
||
| 440 | 0 |
_aAmerican casebook series _913216 |
|
| 500 | _aRev. ed. of: Family law / by Harry D. Krause. 3rd ed. 1990. | ||
| 500 | _aIncludes index. | ||
| 650 | 0 |
_aDomestic relations _zUnited States _xCases. _917911 |
|
| 700 | 1 |
_aKrause, Harry D., _d1932- _917912 |
|
| 700 | 1 |
_aKrause, Harry D., _d1932- _tFamily law. _917913 |
|
| 906 |
_a7 _bcbc _corignew _d1 _eocip _f19 _gy-gencatlg |
||
| 942 |
_2ddc _cBK |
||
| 999 |
_c8421 _d8421 |
||